000 01396cam a2200349 a 4500
005 20260322212015.0
008 data
010 _a 2006034468
020 _a9781402732997
020 _a1402732996
040 _aDLC
_cDLC
_dDLC
_dBTCTA
_dBAKER
_dJED
_dDLC
043 _an-us-il
050 0 0 _aF548.3
_b.F88 2007
082 0 0 _a977.3/11
_222
092 _a977.3 F88 2007
100 1 _aFurse, Ray.
245 1 0 _aChicago /
_cRay Furse.
260 _aNew York :
_bSterling,
_cc2007.
300 _a144 p. :
_bill. (some col.), col. maps ;
_c24 x 29 cm.
440 0 _aCity in time
504 _aIncludes bibliographical references (p. 142) and index.
650 0 _aHistoric buildings
_zChicago.
_zChicago.
651 0 _aChicago (Ill.)
_xHistory.
651 0 _aChicago (Ill.)
_xGeography.
651 0 _aChicago (Ill.)
_vPictorial works.
651 0 _aChicago (Ill.)
_xBuildings, structures, etc.
856 4 2 _3Publisher description
_uhttp://www.loc.gov/catdir/enhancements/fy0709/2006034468-d.html
906 _a7
_bcbc
_corignew
_d1
_eecip
_f20
_gy-gencatlg
925 0 _aacquire
_b2 shelf copies
_xpolicy default
955 _dlk29 2006-10-18 telework
_elk18 2006-10-19 ; to Dewey 2006-10-19
_flk13 2007-11-28 Z-CipVer
_glk13 2007-11-28 to BCCD
001 data
999 _c317
_d317